Plan permanente para prevenir los efectos de la sequía en el Pacífico Seco (artículo 8, acta n° 46)

Сохранить в:
Библиографические подробности
Соавтор: Costa Rica. Ministerio de Agricultura y Ganadería. Consejo Agropecuario Nacional
Формат: Текст
Опубликовано: San José: El Consejo
Предметы:
Метки: Добавить метку
Нет меток, Требуется 1-ая метка записи!

MARC

LEADER 00000 a a2200000 04500
001 14960
003
040
090 |a 026000  
110 |a Costa Rica. Ministerio de Agricultura y Ganadería. Consejo Agropecuario Nacional  
245 |a Plan permanente para prevenir los efectos de la sequía en el Pacífico Seco (artículo 8, acta n° 46)  
260 |a San José:   |b El Consejo  
300 |a 3; 7 p.  
650 |a SEQUIA  
999 |c 1308  |d 1308